meilleurs scoreurs nba 2021-2022 - Statistiques

Statistiques générales
  • Ce quiz a été pris 250 fois
  • Le résultat moyen est 33 sur 50
Statistiques - réponses
PPG Réponse Franchise % Correct
30,3 LeBron James LAL
100%
30,6 Joel Embiid PHI
99%
29,9 Kevin Durant NET
98%
28,4 Luka Doncic MAV
98%
25,5 Stephen Curry GSW
98%
27,4 Ja Morant MEM
97%
26,9 Jayson Tatum BOS
96%
27,1 Nikola Jokic DEN
96%
28,4 Trae Young ATL
95%
29,9 Giannis Antetokounmpo BUC
95%
26,8 Devin Booker SUN
93%
23,6 Jaylen Brown CEL
92%
25,9 Donovan Mitchell UTA
91%
24,4 Zach LaVine BUL
91%
27,9 DeMar DeRozan BUL
90%
21,4 Jimmy Butler MIA
90%
22 James Harden PHI
89%
24,5 Shai Gilgeous Alexander OKC
88%
24,6 Karl-Anthony Towns TIM
86%
21,3 Anthony Edwards TIM
85%
23,2 De'Aaron Fox KIN
81%
22,7 Brandon Ingram PEL
79%
19,1 Bam Adebayo MIA
78%
20,1 LaMelo Ball HOR
78%
22,8 Pascal Siakam TOR
74%
21,7 Darius Garland CAV
71%
20,7 Tyler Herro MIA
70%
20,1 Julius Randle NYK
69%
20,1 Khris Middleton BUC
64%
18,5 Russell Westbrook LAL
62%
22,1 CJ McCollum PEL
61%
17,5 Tyrese Maxey PHI
59%
18,9 Domantas Sabonis KIN
58%
20,3 Fred VanVleet TOR
58%
18,5 Jordan Poole GSW
54%
18,3 Jrue Holiday BUC
48%
21,1 Dejounte Murray SAS
47%
18,2 Desmond Bane MEM
47%
20,2 Kristaps Porzingis WAS
45%
20,2 Miles Bridges HOR
44%
17,6 Nikola Vucevic BUL
43%
18,1 D'Angelo Russell TIM
34%
19,3 Terry Rozier HOR
34%
18,1 Bojan Bogdanovic UTA
28%
17,8 Jonas Valanciunas PEL
23%
20 RJ Barett NYK
23%
19 Norman Powell LAC
14%
19,2 Jerami Grant PIS
13%
18,3 Gary Trent Jr. TOR
10%
17,9 Christian Wood HOU
5%
Aucun quiz correspondant
Distribution des résultats
% des personnes avec chaque résultat
Percentile par nombre de réponses
Votre historique - résultats
Vous n’avez pas pris ce quiz